[Event "Kuala Lumpur Merdeka rapid op"]
[Site "Kuala Lumpur"]
[Date "2019.09.01"]
[Round "7"]
[White "Udani, Ian"]
[Black "Kamin, Al Kamil"]
[Result "1/2-1/2"]
[WhiteElo "2286"]
[BlackElo "1950"]
[PlyCount "110"]
[EventDate "2019.09.01"]
[EventType "swiss (rapid)"]
[EventRounds "7"]
[EventCountry "MAS"]
[SourceTitle "EXT 2020"]
[Source "ChessBase"]
[SourceDate "2019.10.17"]
[SourceVersion "1"]
[SourceVersionDate "2019.10.17"]
[SourceQuality "1"]

1. d4 Nf6 2. Nf3 e6 3. Bf4 b6 4. e3 Bb7 5. c4 Bb4+ 6. Nfd2 Ne4 7. a3 Bxd2+ 8. Nxd2 Nxd2 9. Qxd2 0-0 10. Be2 d6 11. 0-0 Nd7 12. b4 e5 13. Bg3 exd4 14. Qxd4 Qf6 15. Qxf6 Nxf6 16. f3 a5 17. Rfc1 axb4 18. axb4 Rxa1 19. Rxa1 Ra8 20. Rxa8+ Bxa8 21. Bh4 h6 22. Bxf6 gxf6 23. Bd3 Bc6 24. Kf2 Bd7 25. Kg3 Kg7 26. Kf4 Be6 27. e4 Bd7 28. Ke3 Kf8 29. Kd4 Bc6 30. Be2 Ke7 31. f4 f5 32. Bf3 fxe4 33. Bxe4 Bd7 34. b5 f5 35. Bd5 Kf6 36. Ke3 Be8 37. Kf3 Bd7 38. Kg3 Kg6 39. Kh4 Be8 40. h3 Kf6 41. Kg3 Bh5 42. Kf2 Be8 43. Ke3 Bh5 44. Kd4 Be8 45. Bg8 Kg7 46. Be6 Kf6 47. Bc8 Bf7 48. g3 Bg8 49. Bd7 Bf7 50. Bc6 Be6 51. Bf3 Bf7 52. Bc6 Be6 53. Bb7 Bf7 54. g4 fxg4 55. hxg4 Be8 1/2-1/2

[Event "Kuala Lumpur Merdeka rapid op"]
[Site "Kuala Lumpur"]
[Date "2019.09.01"]
[Round "2"]
[White "Zairudin, Muhd Luqman Iskanda"]
[Black "Udani, Ian"]
[Result "1-0"]
[WhiteElo "1604"]
[BlackElo "2286"]
[PlyCount "135"]
[EventDate "2019.09.01"]
[EventType "swiss (rapid)"]
[EventRounds "7"]
[EventCountry "MAS"]
[SourceTitle "EXT 2020"]
[Source "ChessBase"]
[SourceDate "2019.10.17"]
[SourceVersion "1"]
[SourceVersionDate "2019.10.17"]
[SourceQuality "1"]

1. Nf3 d5 2. d4 Nf6 3. g3 c6 4. Bg2 Bg4 5. 0-0 Nbd7 6. b3 e6 7. Bb2 Be7 8. Nbd2 0-0 9. Rc1 a5 10. c4 a4 11. Ne5 Bh5 12. Re1 Qa5 13. Qc2 Bb4 14. Rcd1 Nxe5 15. dxe5 Bg6 16. Qc1 Ne4 17. Nxe4 Bxe4 18. Rf1 Bxg2 19. Kxg2 Be7 20. f4 g6 21. g4 f5 22. exf6 Bxf6 23. Bxf6 Rxf6 24. f5 exf5 25. gxf5 Re8 26. Qg5 Qd8 27. Qg4 Re5 28. e4 d4 29. Rf4 c5 30. Rd3 Qe7 31. h4 Kh8 32. Rg3 d3 33. Rxd3 gxf5 34. exf5 Re2+ 35. Kf3 Re1 36. Re4 Rxe4 37. Qxe4 Qg7 38. Rd8+ Rf8 39. Rxf8+ Qxf8 40. Qe5+ Kg8 41. Kf4 Qh6+ 42. Ke4 Qh5 43. Qe6+ Kf8 44. Qf6+ Ke8 45. Qe6+ Kf8 46. Qc8+ Kg7 47. Qxb7+ Kf8 48. Qc8+ Kg7 49. Qd7+ Kf8 50. Qd6+ Kg8 51. Qe6+ Kf8 52. Kd5 Qf3+ 53. Qe4 Qf2 54. Ke6 Qd2 55. Qa8+ Kg7 56. Qb7+ Kh6 57. Qe4 Qd8 58. f6 Qe8+ 59. Kf5 Qd7+ 60. Qe6 Qd3+ 61. Qe4 Qd7+ 62. Qe6 Qd3+ 63. Qe4 Qh3+ 64. Ke5 Qd7 65. Qf4+ Kg6 66. Qg5+ Kf7 67. Qg7+ Ke8 68. Qg8# 1-0

[Event "Johor op 5th"]
[Site "Johor"]
[Date "2018.12.12"]
[Round "4"]
[White "Udani, Ian"]
[Black "Tan, Yong Hau"]
[Result "1-0"]
[WhiteElo "2246"]
[BlackElo "1691"]
[PlyCount "71"]
[EventDate "2018.12.10"]
[EventType "swiss"]
[EventRounds "9"]
[EventCountry "MAS"]
[SourceTitle "CBM 187 Extra"]
[Source "ChessBase"]
[SourceDate "2018.11.04"]
[SourceVersion "1"]
[SourceVersionDate "2018.11.04"]
[SourceQuality "1"]

1. d4 d5 2. c4 e6 3. Nc3 Nf6 4. cxd5 exd5 5. Bg5 Be7 6. e3 0-0 7. Bd3 c6 8. Qc2 h6 9. Bh4 b6 10. Nf3 Ba6 11. 0-0 Bxd3 12. Qxd3 Nbd7 13. Rac1 Re8 14. Rfd1 Nf8 15. Ne5 Rc8 16. Qa6 g5 17. Bg3 Nh5 18. Ne2 Nxg3 19. Nxg3 Bd6 20. Nxc6 Qd7 21. Ne5 Bxe5 22. dxe5 Rxc1 23. Rxc1 Rxe5 24. Ne2 Re8 25. Rd1 Ne6 26. Qd3 Rd8 27. Nd4 Nc5 28. Qf5 Qd6 29. h4 Ne6 30. hxg5 Nxg5 31. Rc1 Qe7 32. Rc6 Rd6 33. Rc8+ Kg7 34. Qf4 Qd7 35. Nf5+ Kh7 36. Nxd6 1-0

[Event "Penang op 10th"]
[Site "Penang"]
[Date "2018.12.07"]
[Round "7"]
[White "Udani, Ian"]
[Black "Khairul, Anam"]
[Result "1-0"]
[WhiteElo "2246"]
[BlackElo "2263"]
[PlyCount "87"]
[EventDate "2018.12.03"]
[EventType "swiss"]
[EventRounds "9"]
[EventCountry "MAS"]
[SourceTitle "CBM 187 Extra"]
[Source "ChessBase"]
[SourceDate "2018.11.04"]
[SourceVersion "1"]
[SourceVersionDate "2018.11.04"]
[SourceQuality "1"]

1. Nf3 d5 2. d4 Nf6 3. c4 c6 4. cxd5 cxd5 5. Nc3 Nc6 6. Bf4 Bf5 7. e3 e6 8. Bb5 Bb4 9. Qa4 0-0 10. Bxc6 Bxc3+ 11. bxc3 bxc6 12. Ne5 Qb6 13. 0-0 Rfc8 14. f3 h6 15. g4 Bh7 16. h4 a5 17. Rf2 Qb5 18. Qa3 Ra7 19. Rb2 Qa6 20. Qd6 Ne8 21. Qc5 Rb7 22. Rxb7 Qxb7 23. h5 Bb1 24. Qa3 f6 25. Ng6 c5 26. Qxa5 cxd4 27. exd4 Qb2 28. Qb4 Qxb4 29. cxb4 Bxg6 30. hxg6 Rc4 31. Rc1 Nd6 32. Rxc4 Nxc4 33. Bc7 Kf8 34. a4 Ke7 35. b5 e5 36. dxe5 fxe5 37. Kf2 Kd7 38. Bb8 e4 39. fxe4 dxe4 40. Bf4 Ke6 41. Ke2 Ke7 42. Bd2 Kf6 43. a5 Kxg6 44. b6 1-0

[Event "Penang op-A 9th"]
[Site "Penang"]
[Date "2017.12.07"]
[Round "6"]
[White "Udani, Ian"]
[Black "Sammed Jaykumar, Shete"]
[Result "1/2-1/2"]
[WhiteElo "2245"]
[BlackElo "2351"]
[PlyCount "68"]
[EventDate "2017.12.04"]
[EventType "swiss"]
[EventRounds "9"]
[EventCountry "MAS"]
[SourceTitle "CBM 182 Extra"]
[Source "ChessBase"]
[SourceDate "2018.02.23"]
[SourceVersion "1"]
[SourceVersionDate "2018.02.23"]
[SourceQuality "1"]

1. Nf3 Nf6 2. c4 g6 3. b3 Bg7 4. Bb2 0-0 5. g3 d6 6. d4 c5 7. Nbd2 Qa5 8. dxc5 dxc5 9. Qc1 Nc6 10. Bc3 Qc7 11. Bg2 e5 12. Qb2 Re8 13. 0-0 h6 14. Rfe1 Qe7 15. Nh4 Bd7 16. Bh1 Nh5 17. Rad1 Rad8 18. Ng2 Nd4 19. Ne3 Nf4 20. Nd5 Qg5 21. Ne4 Nh3+ 22. Kf1 Qf5 23. Bg2 Kh8 24. Ne3 Qh5 25. Nd6 Bc6 26. Nxe8 Bxg2+ 27. Kxg2 Rxe8 28. Nd5 f5 29. Bxd4 cxd4 30. Qd2 f4 31. Rf1 Ng5 32. gxf4 Qh3+ 33. Kh1 Nf3 34. exf3 Qxf3+ 1/2-1/2

[Event "Penang op-A 9th"]
[Site "Penang"]
[Date "2017.12.05"]
[Round "2"]
[White "Udani, Ian"]
[Black "Villamayor, Buenaventura"]
[Result "0-1"]
[WhiteElo "2245"]
[BlackElo "2450"]
[PlyCount "64"]
[EventDate "2017.12.04"]
[EventType "swiss"]
[EventRounds "9"]
[EventCountry "MAS"]
[SourceTitle "CBM 182 Extra"]
[Source "ChessBase"]
[SourceDate "2018.02.23"]
[SourceVersion "1"]
[SourceVersionDate "2018.02.23"]
[SourceQuality "1"]

1. d4 Nf6 2. c4 c5 3. Nf3 cxd4 4. Nxd4 e5 5. Nb5 d5 6. cxd5 Bc5 7. e3 0-0 8. N5c3 e4 9. Be2 a6 10. Nd2 Qe7 11. a3 Rd8 12. b4 Ba7 13. Bb2 Bf5 14. Qb3 Nbd7 15. Nc4 b5 16. Na5 Ne5 17. Rd1 Rd6 18. h3 Re8 19. Nc6 Nxc6 20. dxc6 Be6 21. Qc2 Rxc6 22. Qb1 Bb3 23. Rc1 Rec8 24. Ba1 Qe6 25. g4 h6 26. h4 Bc4 27. g5 Bxe2 28. Nxe2 Rxc1+ 29. Nxc1 Ng4 30. Nb3 Bb8 31. Nd4 Qc4 32. Qd1 Nxe3 0-1

[Event "Penang op-A 9th"]
[Site "Penang"]
[Date "2017.12.04"]
[Round "1"]
[White "Kimbin, Richard Conrod"]
[Black "Udani, Ian"]
[Result "0-1"]
[WhiteElo "1803"]
[BlackElo "2245"]
[PlyCount "78"]
[EventDate "2017.12.04"]
[EventType "swiss"]
[EventRounds "9"]
[EventCountry "MAS"]
[SourceTitle "CBM 182 Extra"]
[Source "ChessBase"]
[SourceDate "2018.02.23"]
[SourceVersion "1"]
[SourceVersionDate "2018.02.23"]
[SourceQuality "1"]

1. Nf3 d5 2. g3 c6 3. Bg2 Bg4 4. d3 Nd7 5. c3 Ngf6 6. 0-0 e5 7. Bg5 Be7 8. Nbd2 0-0 9. Qc2 Re8 10. e4 h6 11. Be3 dxe4 12. dxe4 Bc5 13. Rfe1 Bxe3 14. Rxe3 Qc7 15. h3 Be6 16. b4 a5 17. a4 c5 18. b5 c4 19. Bf1 Red8 20. Kg2 Nb6 21. Be2 Nfd7 22. Nb1 Nc5 23. Nfd2 Rd7 24. Na3 Nb3 25. Nxb3 cxb3 26. Qc1 Nxa4 27. c4 Nc5 28. Qb2 Rad8 29. Nb1 Rd4 30. Nc3 Rd2 31. Qa3 b6 32. Nd5 Bxd5 33. exd5 e4 34. Bd1 a4 35. Qb4 Qe5 36. Rb1 Qd4 37. Be2 Rd6 38. Re1 Rf6 39. Qc3 Rxf2+ 0-1

[Event "Penang op 8th"]
[Site "Penang"]
[Date "2016.12.10"]
[Round "9"]
[White "Udani, Ian"]
[Black "Vahidov, Tair"]
[Result "1/2-1/2"]
[WhiteElo "2272"]
[BlackElo "2432"]
[PlyCount "64"]
[EventDate "2016.12.05"]
[EventType "swiss"]
[EventRounds "9"]
[EventCountry "MAS"]
[SourceTitle "CBM 176 Extra"]
[Source "ChessBase"]
[SourceDate "2017.03.02"]
[SourceVersion "1"]
[SourceVersionDate "2017.03.02"]
[SourceQuality "1"]

1. Nf3 Nf6 2. c4 c5 3. g3 Nc6 4. Bg2 g6 5. Nc3 Bg7 6. 0-0 0-0 7. d4 cxd4 8. Nxd4 Qa5 9. Nb3 Qh5 10. Nd5 d6 11. e4 Qxd1 12. Rxd1 Nxd5 13. cxd5 Ne5 14. Nd4 Bd7 15. Bg5 Rfe8 16. h3 h6 17. Bd2 Nc4 18. Bc3 Rac8 19. Rac1 Rc7 20. b3 Rec8 21. Ba1 Na3 22. Rxc7 Rxc7 23. Bf1 Rc8 24. Kg2 Nc2 25. Bb2 Kf8 26. g4 a6 27. Rd2 Nxd4 28. Bxd4 Bxd4 29. Rxd4 Rc2 30. Rc4 Rxc4 31. Bxc4 g5 32. f4 Kg7 1/2-1/2

[Event "Penang op 8th"]
[Site "Penang"]
[Date "2016.12.09"]
[Round "8"]
[White "Vakhidov, Daler"]
[Black "Udani, Ian"]
[Result "0-1"]
[WhiteElo "1983"]
[BlackElo "2272"]
[PlyCount "61"]
[EventDate "2016.12.05"]
[EventType "swiss"]
[EventRounds "9"]
[EventCountry "MAS"]
[SourceTitle "CBM 176 Extra"]
[Source "ChessBase"]
[SourceDate "2017.03.02"]
[SourceVersion "1"]
[SourceVersionDate "2017.03.02"]
[SourceQuality "1"]

1. c4 g6 2. d4 Nf6 3. Nf3 Bg7 4. g3 d5 5. cxd5 Nxd5 6. Bg2 0-0 7. 0-0 Nc6 8. Nc3 Nb6 9. d5 Na5 10. e4 c6 11. dxc6 Nxc6 12. Bf4 Be6 13. Rc1 Nb4 14. b3 Rc8 15. Be5 Bh6 16. Rb1 Nc6 17. Ne2 Nxe5 18. Nxe5 Qc7 19. f4 Rfd8 20. Qc1 Qd6 21. Qb2 Bg7 22. Rfd1 Qc5+ 23. Kf1 Qb5 24. Kg1 Rxd1+ 25. Rxd1 Nc4 26. Qa1 Nxe5 27. Nd4 Qb6 28. fxe5 Bxe5 29. Kh1 Bg4 30. Rd2 Rd8 31. Ne6 0-1

[Event "Penang op 8th"]
[Site "Penang"]
[Date "2016.12.06"]
[Round "3"]
[White "Udani, Ian"]
[Black "Mohamad, Ervan"]
[Result "0-1"]
[WhiteElo "2272"]
[BlackElo "2363"]
[PlyCount "78"]
[EventDate "2016.12.05"]
[EventType "swiss"]
[EventRounds "9"]
[EventCountry "MAS"]
[SourceTitle "CBM 176 Extra"]
[Source "ChessBase"]
[SourceDate "2017.03.02"]
[SourceVersion "1"]
[SourceVersionDate "2017.03.02"]
[SourceQuality "1"]

1. Nf3 Nf6 2. c4 e6 3. g3 d5 4. Bg2 Be7 5. 0-0 0-0 6. b3 c6 7. Bb2 Nbd7 8. Qc2 Bd6 9. d3 Qe7 10. a3 a5 11. Nbd2 Re8 12. e4 dxe4 13. dxe4 e5 14. Nh4 g6 15. Ndf3 b6 16. Ne1 Nc5 17. Nd3 Nfd7 18. Nxc5 Nxc5 19. Qc3 Ne6 20. Nf3 f6 21. Qe3 Bc5 22. Qh6 Rd8 23. Rad1 Bxa3 24. Rxd8+ Nxd8 25. Bxa3 Qxa3 26. Nh4 Qd6 27. Bf3 Nf7 28. Qe3 Qd4 29. Qe2 Qc3 30. Rd1 a4 31. Rd3 Qb4 32. bxa4 Be6 33. Qe3 Rxa4 34. Kg2 Bxc4 35. Rd1 Ra3 36. Qc1 Qc3 37. Qb1 b5 38. Bg4 Ra2 39. Rc1 Qd2 0-1

[Event "Penang op 6th"]
[Site "Penang"]
[Date "2014.12.12"]
[Round "8"]
[White "Yeoh, Li Tian"]
[Black "Udani, Ian"]
[Result "1/2-1/2"]
[WhiteElo "2322"]
[BlackElo "2264"]
[PlyCount "153"]
[EventDate "2014.12.08"]
[EventType "swiss"]
[EventRounds "9"]
[EventCountry "MAS"]
[SourceTitle "CBM 163 Extra"]
[Source "ChessBase"]
[SourceDate "2014.12.23"]
[SourceVersion "1"]
[SourceVersionDate "2014.12.23"]
[SourceQuality "1"]

1. e4 e6 2. d4 d5 3. Nd2 c5 4. exd5 Qxd5 5. Ngf3 cxd4 6. Bc4 Qd6 7. 0-0 Nf6 8. Nb3 Nc6 9. Nbxd4 Nxd4 10. Nxd4 Bd7 11. c3 Qc7 12. Qe2 0-0-0 13. Be3 h5 14. h3 Bd6 15. Rfd1 Bh2+ 16. Kf1 Bf4 17. Bxf4 Qxf4 18. Kg1 g5 19. Qf3 Rhg8 20. g3 Qxf3 21. Nxf3 Ba4 22. b3 Be8 23. Bf1 h4 24. Ne5 g4 25. gxh4 gxh3+ 26. Kh2 Ne4 27. f3 Nf6 28. c4 Rh8 29. Kxh3 Nh5 30. c5 f6 31. Rxd8+ Kxd8 32. Rd1+ Ke7 33. Nd3 Bc6 34. Be2 Rg8 35. Kh2 Rh8 36. Rg1 Kf7 37. Rg4 Ng7 38. Nb4 Bd7 39. Bd3 Rh6 40. Rd4 Ke7 41. Rg4 Kf7 42. c6 bxc6 43. Na6 Ne8 44. Nc5 Bc8 45. Ra4 Ke7 46. Rxa7+ Kd6 47. Ne4+ Ke5 48. Re7 Rxh4+ 49. Kg3 Rh8 50. Nd2 Kd4 51. Bf1 Nd6 52. Bh3 f5 53. Rc7 Kc5 54. Bf1 e5 55. Nc4 f4+ 56. Kf2 Nxc4 57. Bxc4 Bf5 58. a4 Rh2+ 59. Kg1 Ra2 60. Bg8 Kd6 61. Rf7 Bd7 62. Rf6+ Ke7 63. Rh6 Kf8 64. Bc4 Ke7 65. Kf1 Bf5 66. Rxc6 Kd7 67. Rf6 Bc2 68. Ke1 Rb2 69. Kd2 Be4+ 70. Kc3 Rc2+ 71. Kb4 Bc6 72. a5 Re2 73. Rf7+ Kd6 74. Rf6+ Kd7 75. Rf7+ Kd6 76. Rf6+ Kd7 77. Rf7+ 1/2-1/2

[Event "Penang op 6th"]
[Site "Penang"]
[Date "2014.12.11"]
[Round "6"]
[White "Paril, Gabriel"]
[Black "Udani, Ian"]
[Result "0-1"]
[WhiteElo "2063"]
[BlackElo "2264"]
[PlyCount "64"]
[EventDate "2014.12.08"]
[EventType "swiss"]
[EventRounds "9"]
[EventCountry "MAS"]
[SourceTitle "CBM 163 Extra"]
[Source "ChessBase"]
[SourceDate "2014.12.23"]
[SourceVersion "1"]
[SourceVersionDate "2014.12.23"]
[SourceQuality "1"]

1. e4 e6 2. d4 d5 3. Nc3 Nf6 4. e5 Nfd7 5. f4 c5 6. Nf3 Nc6 7. Be3 cxd4 8. Nxd4 Bc5 9. Qd2 0-0 10. 0-0-0 Bxd4 11. Bxd4 Qa5 12. h4 Rb8 13. Kb1 b5 14. h5 b4 15. Ne2 Ba6 16. Qe3 Rfc8 17. f5 Bxe2 18. Bxe2 Nxd4 19. Qxd4 Qc7 20. Ba6 Qxc2+ 21. Ka1 Rc7 22. Bd3 Qc5 23. Qf4 Qf8 24. f6 Kh8 25. Rh3 gxf6 26. exf6 e5 27. Qg5 Rb6 28. h6 Rxf6 29. Bb5 Rg6 30. Qf5 Qe7 31. Rhd3 Nf6 32. g4 Qe6 0-1

[Event "Penang op 6th"]
[Site "Penang"]
[Date "2014.12.11"]
[Round "7"]
[White "Udani, Ian"]
[Black "Nitin, Senthilvel"]
[Result "1-0"]
[WhiteElo "2264"]
[BlackElo "2347"]
[PlyCount "93"]
[EventDate "2014.12.08"]
[EventType "swiss"]
[EventRounds "9"]
[EventCountry "MAS"]
[SourceTitle "CBM 163 Extra"]
[Source "ChessBase"]
[SourceDate "2014.12.23"]
[SourceVersion "1"]
[SourceVersionDate "2014.12.23"]
[SourceQuality "1"]

1. Nf3 Nf6 2. c4 g6 3. Nc3 Bg7 4. g3 0-0 5. Bg2 d6 6. 0-0 Nbd7 7. Rb1 e5 8. b4 a5 9. a3 c6 10. Qb3 Re8 11. Bb2 Nf8 12. e4 axb4 13. axb4 Bg4 14. d3 Ne6 15. Ne2 Qd7 16. Kh1 h5 17. Nfg1 Bxe2 18. Nxe2 h4 19. Bh3 Qe7 20. Bc1 Nh5 21. Be3 hxg3 22. hxg3 Nef4 23. Ng1 Nxh3 24. Nxh3 Qd7 25. Kg2 f5 26. f3 Nxg3 27. Kxg3 f4+ 28. Nxf4 exf4+ 29. Bxf4 Be5 30. d4 Bxd4 31. c5+ Kg7 32. Bxd6 Qd8 33. Bf4 Rf8 34. Be3 Be5+ 35. Kf2 Qf6 36. Ke2 Rh8 37. Rbd1 Qf7 38. Qxf7+ Kxf7 39. f4 Rh2+ 40. Rf2 Ra2+ 41. Rd2 Rxd2+ 42. Bxd2 Rxf2+ 43. Kxf2 Bd4+ 44. Kf3 b6 45. Be3 Bxe3 46. Kxe3 b5 47. Kf3 1-0

[Event "Penang op-A 5th"]
[Site "Penang"]
[Date "2013.12.11"]
[Round "5"]
[White "Udani, Ian"]
[Black "Kurniawan, Muhamad Agus"]
[Result "1/2-1/2"]
[WhiteElo "2299"]
[BlackElo "2038"]
[PlyCount "125"]
[EventDate "2013.12.09"]
[EventType "swiss"]
[EventRounds "9"]
[EventCountry "MAS"]
[SourceTitle "CBM 157 Extra"]
[Source "ChessBase"]
[SourceDate "2013.12.19"]
[SourceVersion "1"]
[SourceVersionDate "2013.12.19"]
[SourceQuality "1"]

1. d4 Nf6 2. c4 g6 3. Nc3 Bg7 4. e4 d6 5. f3 0-0 6. Be3 Nc6 7. Nge2 a6 8. Qd2 Rb8 9. Nc1 e5 10. d5 Nd4 11. Nb3 c5 12. dxc6 bxc6 13. Nxd4 exd4 14. Bxd4 d5 15. cxd5 cxd5 16. e5 Nd7 17. f4 f6 18. e6 Re8 19. Be2 Rxe6 20. 0-0 f5 21. Bxg7 Kxg7 22. Bf3 Nf6 23. Na4 Qd6 24. Rac1 Qb4 25. Qxb4 Rxb4 26. b3 Bd7 27. Nc5 Rd6 28. g3 a5 29. Rfd1 Bc6 30. Nd3 Rb7 31. Ne5 Be8 32. Rd4 Ra7 33. Rc5 a4 34. b4 a3 35. Kf2 Rb7 36. Ra5 Rdb6 37. Rxa3 Rxb4 38. Rxb4 Rxb4 39. Rb3 Ra4 40. a3 h5 41. Ke3 Kf8 42. h4 Ne4 43. Bd1 d4+ 44. Ke2 Ra5 45. Ke1 Ra8 46. Rd3 Ke7 47. Nf3 Bb5 48. Rb3 Bc4 49. Rb4 Be6 50. a4 d3 51. Rd4 Nc3 52. Rxd3 Nxd1 53. Rxd1 Rxa4 54. Ne5 Kf6 55. Kf2 Ra2+ 56. Ke3 Ra3+ 57. Rd3 Rxd3+ 58. Kxd3 Ba2 59. Kd4 Bb3 60. Kc5 Ba4 61. Kd6 Bb5 62. Nf3 Ba4 63. Ne5 1/2-1/2

[Event "Penang op 4th"]
[Site "Penang"]
[Date "2012.12.11"]
[Round "2"]
[White "Noguchi, Koji"]
[Black "Udani, Ian"]
[Result "0-1"]
[WhiteElo "2076"]
[BlackElo "2340"]
[PlyCount "70"]
[EventDate "2012.12.11"]
[EventType "swiss"]
[EventRounds "9"]
[EventCountry "MAS"]
[SourceTitle "EXT 2014"]
[Source "ChessBase"]
[SourceDate "2013.11.20"]
[SourceVersion "1"]
[SourceVersionDate "2013.11.20"]
[SourceQuality "1"]

1. c4 g6 2. g3 Bg7 3. Bg2 e5 4. Nc3 Nc6 5. e4 d6 6. Nge2 Nge7 7. d3 0-0 8. 0-0 Be6 9. Nd5 Qd7 10. Be3 f5 11. Qd2 Rf7 12. Rfe1 fxe4 13. dxe4 Raf8 14. f3 Nc8 15. b3 Bh3 16. c5 Bxg2 17. Kxg2 dxc5 18. Bxc5 Rd8 19. Rad1 Qe6 20. Qc1 Rfd7 21. Be3 Nb6 22. Bg5 Rf8 23. Nxb6 axb6 24. Rxd7 Qxd7 25. Nc3 Nd4 26. Nd5 Rf7 27. Qc4 b5 28. Qc5 c6 29. Nc3 Qc7 30. Qa7 h6 31. Be3 Rd7 32. Rd1 Qd8 33. Qa3 Nc2 34. Rxd7 Nxe3+ 35. Kf2 Qxd7 0-1

[Event "Kuala Lumpur op 8th"]
[Site "Kuala Lumpur"]
[Date "2011.08.23"]
[Round "7"]
[White "Udani, Ian"]
[Black "Yu, Ruiyuan"]
[Result "0-1"]
[WhiteElo "2307"]
[BlackElo "2431"]
[PlyCount "84"]
[EventDate "2011.08.18"]
[EventType "swiss"]
[EventRounds "9"]
[EventCountry "MAS"]
[SourceTitle "CBM 144 Extra"]
[Source "ChessBase"]
[SourceDate "2011.10.28"]
[SourceVersion "1"]
[SourceVersionDate "2011.10.28"]
[SourceQuality "1"]

1. d4 d5 2. c4 c6 3. Nf3 Nf6 4. Nc3 dxc4 5. e3 b5 6. a4 b4 7. Ne2 e6 8. Ng3 Be7 9. Bxc4 0-0 10. 0-0 Bb7 11. e4 c5 12. e5 Nd5 13. dxc5 Nd7 14. Qd4 Bxc5 15. Qg4 Ne7 16. Nh5 Ng6 17. Bf4 Bxf3 18. gxf3 Qh4 19. Rae1 Bd4 20. b3 Ndxe5 21. Bxe5 Qxg4+ 22. fxg4 Nxe5 23. Be2 Rac8 24. Kg2 Rc3 25. Rd1 Bb6 26. f4 Rc2 27. fxe5 Rxe2+ 28. Kg3 Rxe5 29. Rd7 Re3+ 30. Rf3 Rc3 31. h4 e5 32. Re7 Bc5 33. Rxc3 bxc3 34. Rc7 Bb4 35. Kf3 h6 36. g5 hxg5 37. hxg5 Rd8 38. Ke4 Kh7 39. Ng3 Kg6 40. Nf5 Kxg5 41. Nxg7 Rd4+ 42. Ke3 Kg6 0-1

[Event "Kuala Lumpur op 8th"]
[Site "Kuala Lumpur"]
[Date "2011.08.19"]
[Round "3"]
[White "Udani, Ian"]
[Black "Salvador, Roland"]
[Result "1/2-1/2"]
[WhiteElo "2307"]
[BlackElo "2527"]
[PlyCount "77"]
[EventDate "2011.08.18"]
[EventType "swiss"]
[EventRounds "9"]
[EventCountry "MAS"]
[SourceTitle "CBM 144 Extra"]
[Source "ChessBase"]
[SourceDate "2011.10.28"]
[SourceVersion "1"]
[SourceVersionDate "2011.10.28"]
[SourceQuality "1"]

1. d4 Nf6 2. Nf3 e6 3. c4 b6 4. g3 Ba6 5. b3 d5 6. Bg2 Bb4+ 7. Bd2 Be7 8. cxd5 exd5 9. Nc3 Ne4 10. 0-0 0-0 11. Qc2 Nxd2 12. Nxd2 c6 13. Rfd1 Nd7 14. a3 Rc8 15. b4 Bb7 16. Qb3 Bf6 17. e3 a6 18. a4 b5 19. a5 Re8 20. Na2 h5 21. Rac1 g6 22. Rc2 Nf8 23. Nc1 Ne6 24. Nf3 Qd6 25. Nd3 Kg7 26. Rdc1 Rc7 27. Nfe5 Bd8 28. Qc3 f6 29. Nf3 Rce7 30. Bh3 Rc7 31. Bxe6 Qxe6 32. Nc5 Qc8 33. Qd3 g5 34. h4 Qg4 35. Nh2 Qc8 36. Nf3 Qg4 37. Nh2 Qc8 38. Nf3 Qg4 39. Nh2 1/2-1/2

[Event "Kuala Lumpur op 7th"]
[Site "Kuala Lumpur"]
[Date "2010.09.04"]
[Round "5"]
[White "Udani, Ian"]
[Black "Roy Chowdhury, Saptarshi"]
[Result "1/2-1/2"]
[WhiteElo "2255"]
[BlackElo "2457"]
[PlyCount "60"]
[EventDate "2010.09.01"]
[EventType "swiss"]
[EventRounds "9"]
[EventCountry "MAS"]
[SourceTitle "CBM 138 Extra"]
[Source "ChessBase"]
[SourceDate "2010.10.29"]
[SourceVersion "1"]
[SourceVersionDate "2010.10.29"]
[SourceQuality "1"]

1. d4 e6 2. c4 b6 3. Nc3 Bb7 4. a3 g6 5. e4 Bg7 6. Nf3 d6 7. Bd3 Nd7 8. 0-0 Ngf6 9. d5 0-0 10. Bg5 h6 11. Bd2 Qe7 12. Re1 a5 13. b4 Ng4 14. Rc1 axb4 15. axb4 c5 16. Nb5 Nge5 17. Nxe5 Nxe5 18. Bc3 Ba6 19. Bf1 Bxb5 20. cxb5 g5 21. bxc5 dxc5 22. Ra1 exd5 23. exd5 Qd6 24. Ra6 Rae8 25. Bxe5 Bxe5 26. g3 Re7 27. Qf3 Rfe8 28. Rd1 Bd4 29. Bd3 Re5 30. Kg2 Kg7 1/2-1/2

[Event "Kuala Lumpur op 7th"]
[Site "Kuala Lumpur"]
[Date "2010.09.03"]
[Round "4"]
[White "Udani, Ian"]
[Black "Mok, Tze Meng"]
[Result "1-0"]
[WhiteElo "2255"]
[BlackElo "2416"]
[PlyCount "57"]
[EventDate "2010.09.01"]
[EventType "swiss"]
[EventRounds "9"]
[EventCountry "MAS"]
[SourceTitle "CBM 138 Extra"]
[Source "ChessBase"]
[SourceDate "2010.10.29"]
[SourceVersion "1"]
[SourceVersionDate "2010.10.29"]
[SourceQuality "1"]

1. d4 g6 2. Nf3 Bg7 3. g3 Nf6 4. Bg2 c5 5. c3 d5 6. dxc5 a5 7. 0-0 Na6 8. c4 Nxc5 9. Nc3 Be6 10. Ng5 d4 11. Nxe6 Nxe6 12. Nb5 Qb6 13. e3 Rd8 14. exd4 Nxd4 15. Nxd4 Rxd4 16. Qa4+ Rd7 17. Be3 Qb4 18. Qxb4 axb4 19. Rad1 0-0 20. Rxd7 Nxd7 21. Bxb7 Rb8 22. Bg2 Bxb2 23. c5 Ne5 24. Rb1 Bc3 25. Rd1 Nc4 26. Bf4 Rc8 27. c6 Kf8 28. c7 Nd6 29. Rxd6 1-0

[Event "Kuala Lumpur op 7th"]
[Site "Kuala Lumpur"]
[Date "2010.09.02"]
[Round "3"]
[White "Tan, Zhongyi"]
[Black "Udani, Ian"]
[Result "1-0"]
[WhiteElo "2461"]
[BlackElo "2255"]
[PlyCount "83"]
[EventDate "2010.09.01"]
[EventType "swiss"]
[EventRounds "9"]
[EventCountry "MAS"]
[SourceTitle "CBM 138 Extra"]
[Source "ChessBase"]
[SourceDate "2010.10.29"]
[SourceVersion "1"]
[SourceVersionDate "2010.10.29"]
[SourceQuality "1"]

1. d4 d5 2. c4 e6 3. Nf3 c6 4. e3 Nf6 5. Nc3 Nbd7 6. Bd3 dxc4 7. Bxc4 b5 8. Bd3 Bb7 9. 0-0 Bd6 10. e4 e5 11. d5 cxd5 12. Nxb5 Bb8 13. exd5 0-0 14. Nc3 Nc5 15. Bg5 h6 16. Bxf6 Qxf6 17. b4 Nxd3 18. Qxd3 Qd6 19. Rfe1 f6 20. Rad1 Rd8 21. Ne4 Qf8 22. Nc5 Qf7 23. Nxb7 Qxb7 24. Nh4 Bd6 25. Nf5 Qf7 26. a3 Bf8 27. h3 Rd7 28. Ne3 Rad8 29. Rc1 g6 30. Rc6 f5 31. Qa6 Bd6 32. Re2 e4 33. Nc4 Qf8 34. Re1 g5 35. Rc1 e3 36. fxe3 f4 37. Nxd6 Rxd6 38. exf4 Qxf4 39. Qxa7 Rf8 40. Qc5 Rff6 41. Rxd6 Rxd6 42. Rf1 1-0